Resquebrajándose una tradición electoral: resultados de la encuesta nacional entre votantes el 3 de febrero del 2002 /
Guardat en:
| Autor corporatiu: | , , , |
|---|---|
| Format: | Text |
| Idioma: | Spanish |
| Publicat: |
San José:
UCR. IIS. UCR. IIP
|
| Matèries: | |
| Etiquetes: |
Afegir etiqueta
Sense etiquetes, Sigues el primer a etiquetar aquest registre!
|
MARC
| LEADER | 00000 a a2200000 04500 | ||
|---|---|---|---|
| 001 | 27751 | ||
| 003 | cru CIDCACS/IIS | ||
| 005 | 20231129144505.0 | ||
| 008 | 170504b xxu||||| |||| 00| 0 spa d | ||
| 040 | |c cru CIDCACS/IIS |a cru CIDCACS/IIS | ||
| 090 | |a 04.04.02 R434r | ||
| 110 | |a Universidad de Costa Rica. Vicerrectoría de Investigación | ||
| 245 | |a Resquebrajándose una tradición electoral: resultados de la encuesta nacional entre votantes el 3 de febrero del 2002 / |c Universidad de Costa Rica. Vicerrectoría de Investigación | ||
| 260 | |a San José: |b UCR. IIS. UCR. IIP | ||
| 300 | |a 31 p | ||
| 300 | |b **no definido** |b fonodiscos | ||
| 650 | |a COMPORTAMIENTO POLITICO | ||
| 650 | |a ENCUESTAS DE OPINION PUBLICA | ||
| 650 | |a ACTITUDES | ||
| 650 | |a ELECCIONES | ||
| 650 | |a MUESTREO | ||
| 650 | |a ACTITUDES | ||
| 650 | |a VOTACION | ||
| 710 | |a Universidad de Costa Rica. Instituto de Investigaciones Sociales | ||
| 710 | |a Universidad de Costa Rica. Escuela de Estadística | ||
| 710 | |a Universidad de Costa Rica. Instituto de Investigaciones Psicológicas | ||
| 942 | |2 z |c LI |h 04.04.02 R434r |i 00417 |i 00532 |6 040402_R434R_00417__00532 | ||
| 999 | |c 12720 |d 12720 | ||
